000 00305nam a2200121Ia 4500
008 190216s9999||||xx |||||||||||||| ||und||
100 _aTandon B C
245 0 _aEconomic Development Of Developed Countries
260 _bEnglish Language Book Society
300 _a678p
650 _aCommerce
942 _cBK
999 _c4106
_d4106